| 000 | 00827nam a2200205 a 4500 | ||
|---|---|---|---|
| 005 | 20250529063816.0 | ||
| 008 | 991125s1986 mx 000 0 spa u | ||
| 035 | _aUPN01000000748 | ||
| 049 | _aSEP | ||
| 050 | 4 |
_aL227 D375 _bM6.23 |
|
| 110 | 1 |
_aMéxico. _bDirección General de Educación Especial |
|
| 245 | 1 | 0 |
_aAdaptación y estandarización de la bateria de evaluación intelectual secuencial-simultánea Kaufman en México, D.F. Manuales de aplicación, calificación e interpretación / _cDirección General de Educación Especial. |
| 260 |
_aMéxico : _bSEP, Dirección General de Educación Especial, _c1986. |
||
| 300 | _a304 p. | ||
| 440 | 0 | _aCuadernos didácticos | |
| 650 | 4 | _aKAUFMAN, PRUEBA DE | |
| 650 | 4 |
_aMediciones y pruebas educativas _zMéxico _96442 |
|
| 650 | 4 |
_aPruebas mentales _915534 |
|
| 905 | _aLibro | ||
| 999 |
_c748 _d748 |
||